[Event "Frankfurt Ch 2012"]
[Site "Ffm-Kalbach, LAZ"]
[Date "2012.06.11"]
[Round "6.1"]
[White "Isserman, Ryhor"]
[Black "Khenkin, Igor"]
[Result "0-1"]
[WhiteElo "2274"]
[BlackElo "2675"]
[PlyCount "82"]
[EventDate "2012.??.??"]
[WhiteTeam "SK Bad Homburg 1927"]
[BlackTeam "Wiesbadener SV 1885"]

1. e4 e6 2. d4 d5 3. Nd2 a6 4. Ngf3 c5 5. exd5 exd5 6. dxc5 Bxc5 7. Nb3 Bb6 8.
Bg5 Nf6 9. Nbd4 O-O 10. Be2 Nc6 11. O-O Re8 12. c3 h6 13. Be3 Ng4 14. Nxc6 bxc6
15. Bxb6 Qxb6 16. b4 Rb8 17. Nd4 Nf6 18. Qb3 a5 19. bxa5 Qc7 20. Qc2 c5 21. Nb3
c4 22. Nd4 Bd7 23. Bf3 Qxa5 24. Rfe1 Qa3 25. Rxe8+ Bxe8 26. h3 Bd7 27. Qc1
Qxc1+ 28. Rxc1 Ra8 29. Rc2 Kf8 30. g4 Ke7 31. Rd2 Kd6 32. Kg2 Kc5 33. Kg3 g5
34. Kg2 Ra3 35. Rc2 Ba4 36. Rc1 Rxa2 37. Nf5 Bc2 38. Nxh6 Bg6 39. Kg3 Rd2 40.
Ra1 Rd3 41. Ra7 Be4 0-1

[Event "Frankfurt Ch 2012"]
[Site "Ffm-Kalbach, LAZ"]
[Date "2012.06.11"]
[Round "6.2"]
[White "Telljohann, Sven"]
[Black "Holvason, Juri"]
[Result "1-0"]
[WhiteElo "2391"]
[BlackElo "2125"]
[PlyCount "81"]
[EventDate "2012.??.??"]
[WhiteTeam "Sfr. Schöneck"]
[BlackTeam "SC Brett vor'm Kopp Ffm"]

1. Nf3 Nf6 2. g3 g6 3. Bg2 Bg7 4. O-O O-O 5. d4 d6 6. b3 Nc6 7. Bb2 e5 8. dxe5
Ng4 9. Qc1 dxe5 10. h3 Nh6 11. Rd1 Bd7 12. Nc3 Qc8 13. Nd5 Kh8 14. Kh2 Nf5 15.
e3 f6 16. c4 Be6 17. Nd2 Rf7 18. Ne4 Qf8 19. Ba3 Qe8 20. b4 Nd8 21. Bb2 Bxd5
22. Rxd5 Ne6 23. Qc2 h5 24. Rad1 h4 25. g4 Ne7 26. R5d2 f5 27. gxf5 gxf5 28.
Nc3 f4 29. Bxb7 Rb8 30. Be4 Rxb4 31. Nd5 Nxd5 32. Rxd5 Qf8 33. R1d2 fxe3 34.
fxe3 c6 35. Rd6 Rf2+ 36. Rxf2 Qxd6 37. Ba3 a5 38. Qe2 Bh6 39. Bxb4 axb4 40. Rf6
Kg7 41. Rg6+ 1-0

[Event "Frankfurt Ch 2012"]
[Site "Ffm-Kalbach, LAZ"]
[Date "2012.06.11"]
[Round "6.3"]
[White "Prenzler, Daniel"]
[Black "Zude, Erik"]
[Result "0-1"]
[WhiteElo "2154"]
[BlackElo "2340"]
[PlyCount "80"]
[EventDate "2012.??.??"]
[WhiteTeam "SC 1961 König Nied"]
[BlackTeam "SV 1920 Hofheim"]

1. e4 c5 2. Nf3 d6 3. d4 cxd4 4. Nxd4 Nf6 5. Nc3 a6 6. Bc4 e6 7. Bb3 b5 8. Bg5
Be7 9. Qf3 Qc7 10. Bxf6 Bxf6 11. O-O-O Qb6 12. e5 Bb7 13. Nd5 Bxd5 14. Bxd5
dxe5 15. Bxa8 exd4 16. Qb7 Qxb7 17. Bxb7 Kd7 18. f4 Kc7 19. Be4 Nd7 20. Rhe1 g6
21. Kb1 Nc5 22. g3 Na4 23. Rd3 Rd8 24. Bf3 Nb6 25. Red1 Na4 26. h4 h5 27. R3d2
b4 28. Be2 a5 29. Bd3 Nb6 30. Re1 a4 31. b3 Nd5 32. Ka1 a3 33. Kb1 Nc3+ 34. Ka1
Kb6 35. Rg2 Rh8 36. Bxg6 fxg6 37. Rxe6+ Kc5 38. Rxf6 Re8 39. Rg1 Re2 40. Rc1 d3
0-1

[Event "Frankfurt Ch 2012"]
[Site "Ffm-Kalbach, LAZ"]
[Date "2012.06.11"]
[Round "6.4"]
[White "Reschke, Stefan"]
[Black "Chandler, Patrick"]
[Result "1-0"]
[WhiteElo "2329"]
[BlackElo "2143"]
[PlyCount "120"]
[EventDate "2012.??.??"]
[WhiteTeam "VSG 1880 Offenbach"]
[BlackTeam "Sfr. Neuberg"]

1. Nf3 Nf6 2. g3 b5 3. Bg2 Bb7 4. d4 e6 5. c3 a6 6. Bg5 Be7 7. O-O d6 8. a4
Nbd7 9. Na3 c6 10. Nd2 Rb8 11. e4 e5 12. Nc2 h6 13. Be3 c5 14. axb5 axb5 15. d5
Qc7 16. b4 O-O 17. Nb3 cxb4 18. cxb4 Qc3 19. Ra3 Rfc8 20. Ba7 Ra8 21. Nc5 Qc4
22. Ne3 Qxb4 23. Rb3 Qa5 24. Nxb7 Qxa7 25. Nf5 Bf8 26. Nbxd6 Rcb8 27. Nxb5 Qc5
28. Qe2 g6 29. Ne3 Ra4 30. Rfb1 Nxe4 31. Bxe4 Rxe4 32. Qa2 Qe7 33. Qc2 Nf6 34.
d6 Qd8 35. Nd5 Ra4 36. Rf3 Nxd5 37. Qxa4 Qd7 38. Qc4 Nb6 39. Qc7 Rb7 40. Qxd7
Nxd7 41. Rd3 Rb6 42. Nc3 Rc6 43. Nb5 Rb6 44. Nc3 Rc6 45. Ra1 f5 46. Ra7 e4 47.
Rd1 Ne5 48. d7 Nxd7 49. Nxe4 Ne5 50. Nd2 Rc2 51. Nf1 Rc8 52. Kg2 Ng4 53. Ra6 g5
54. h3 Ne5 55. Rf6 f4 56. gxf4 gxf4 57. Rxf4 Bg7 58. Ng3 Ng6 59. Rg4 Ne5 60.
Re4 Nc4 1-0

[Event "Frankfurt Ch 2012"]
[Site "Ffm-Kalbach, LAZ"]
[Date "2012.06.11"]
[Round "6.5"]
[White "Reschke, Thomas"]
[Black "Stockmann, Michael"]
[Result "0-1"]
[WhiteElo "2118"]
[BlackElo "2235"]
[PlyCount "116"]
[EventDate "2012.??.??"]
[WhiteTeam "SC Frankfurt-West"]
[BlackTeam "Sfr. Schöneck"]

1. c4 Nf6 2. g3 e6 3. Nf3 d5 4. b3 c5 5. Bg2 Nc6 6. O-O Be7 7. e3 O-O 8. Bb2 b6
9. Nc3 Bb7 10. cxd5 Nxd5 11. Nxd5 Qxd5 12. Ne5 Qd6 13. d4 cxd4 14. Nxc6 Bxc6
15. Bxc6 Qxc6 16. Bxd4 Qe4 17. Qe2 Rac8 18. Rac1 e5 19. Bb2 Rc5 20. Rxc5 Bxc5
21. Qa6 Rd8 22. Ba3 Bxa3 23. Qxa3 Qb7 24. Rc1 h5 25. Qb4 g6 26. Qc3 Qd5 27. h4
Qd2 28. Qc7 Rd6 29. Rc2 Qd1+ 30. Kh2 Rd2 31. Rxd2 Qxd2 32. Qxe5 Qxf2+ 33. Kh3
Qxa2 34. Qe8+ Kg7 35. Qe5+ Kh7 36. Qd5 Kg7 37. Qe5+ Kh7 38. Qd5 Qf2 39. e4 Qf6
40. Kg2 Qe6 41. Qd3 a5 42. Kf3 Qc6 43. Qd5 Qc3+ 44. Kf4 Kg7 45. e5 Qb4+ 46. Kf3
Qg4+ 47. Kf2 Qf5+ 48. Kg2 Qc2+ 49. Kf3 Qb2 50. Ke3 Qa3 51. Ke4 Qc1 52. Qd6 Qc2+
53. Kf4 Qxb3 54. Ke4 Qe6 55. Qd8 a4 56. Kd4 Qg4+ 57. Kc3 Qxg3+ 58. Kb4 Qb3# 0-1

[Event "Frankfurt Ch 2012"]
[Site "Ffm-Kalbach, LAZ"]
[Date "2012.06.11"]
[Round "6.6"]
[White "Ostermeier, Thorsten"]
[Black "Brüggemann, Ludger"]
[Result "0-1"]
[WhiteElo "1849"]
[BlackElo "2190"]
[PlyCount "92"]
[EventDate "2012.??.??"]
[WhiteTeam "Sfr. Frankfurt 1921"]
[BlackTeam "Sabt Frankfurter TV 1860"]

1. d4 Nf6 2. Nf3 g6 3. c4 Bg7 4. Nc3 O-O 5. h3 d6 6. g4 Nbd7 7. Qc2 e5 8. d5 a5
9. e4 Nc5 10. Bg5 Bd7 11. Be2 Qe8 12. Nd2 Kh8 13. Bxf6 Bxf6 14. h4 Qc8 15. g5
Be7 16. O-O-O f5 17. Rdg1 c6 18. f3 Kg7 19. Nf1 fxe4 20. fxe4 Rf2 21. Ne3 Qf8
22. Ned1 Qf4+ 23. Qd2 Nxe4 24. Nxe4 Rxe2 25. Qxf4 exf4 26. Nec3 Re5 27. Rf1 Rf8
28. Rf2 Bd8 29. Rhf1 Bh3 30. Rh1 Bg4 31. Rg1 Bh5 32. Rgf1 f3 33. dxc6 bxc6 34.
Rd2 Bc7 35. Nf2 Rfe8 36. Nh3 Re1+ 37. Rxe1 Rxe1+ 38. Kc2 Bg4 39. Nf2 Bf5+ 40.
Kb3 Bb6 41. Nfd1 Bc5 42. a3 Rh1 43. Na4 Ba7 44. Rxd6 Rxd1 45. Rxd1 Bh3 46. Rd3
f2 0-1

[Event "Frankfurt Ch 2012"]
[Site "Ffm-Kalbach, LAZ"]
[Date "2012.06.11"]
[Round "6.7"]
[White "Koch, Markus"]
[Black "Partzsch, Lukas"]
[Result "1/2-1/2"]
[WhiteElo "2154"]
[BlackElo "2122"]
[PlyCount "139"]
[EventDate "2012.??.??"]
[WhiteTeam "SC Brett vor'm Kopp Ffm"]
[BlackTeam "SC Matt im Park Ffm"]

1. d4 Nf6 2. c4 d6 3. Nf3 Nbd7 4. Nc3 e5 5. g3 Be7 6. Bg2 O-O 7. O-O c6 8. e4
a6 9. h3 b5 10. b4 bxc4 11. Be3 a5 12. a3 Bb7 13. Rb1 axb4 14. axb4 Qc7 15. Qe2
d5 16. dxe5 Nxe5 17. Bf4 Bd6 18. Nd4 Nd3 19. Bxd6 Qxd6 20. exd5 cxd5 21. Nf5
Qe6 22. Ne3 Qd7 23. Rfd1 Ra3 24. Ncxd5 Bxd5 25. Bxd5 Nxd5 26. Nxc4 Nc3 27. Qxd3
Qxd3 28. Rxd3 Ne2+ 29. Kf1 Rxd3 30. Kxe2 Rd4 31. Ne3 Rb8 32. Nc2 Rd5 33. Rb2
Kf8 34. Ra2 Rb7 35. Ne3 Rdb5 36. Nc2 Rd5 37. Ne3 Rd8 38. Rb2 g6 39. Kf3 Ke7 40.
Ke4 f5+ 41. Kf3 Rd4 42. Nc2 Rc4 43. Ke3 Rd7 44. Ke2 Re4+ 45. Ne3 Ke6 46. b5
Rdd4 47. f3 Rb4 48. Ra2 Re5 49. Ra6+ Kd7 50. f4 Ree4 51. Kd2 Rb2+ 52. Kc3 Rxb5
53. Ra7+ Kc8 54. Nc4 Rc5 55. Ra4 Rc7 56. Kd3 Re1 57. g4 fxg4 58. hxg4 Kd7 59.
Ne5+ Ke7 60. Ra6 Rf1 61. Ke4 Rb7 62. Ra4 Kf6 63. Rd4 Kg7 64. Ra4 h5 65. g5 h4
66. Ra6 Rb4+ 67. Kd5 Rbxf4 68. Rxg6+ Kf8 69. Ke6 Re1 70. Rh6 1/2-1/2

[Event "Frankfurt Ch 2012"]
[Site "Ffm-Kalbach, LAZ"]
[Date "2012.06.11"]
[Round "6.8"]
[White "Rosa, Mike"]
[Black "Gohil, Harry"]
[Result "0-1"]
[WhiteElo "2041"]
[BlackElo "2298"]
[PlyCount "115"]
[EventDate "2012.??.??"]
[WhiteTeam "SC 1961 König Nied"]
[BlackTeam "TSV Schott Mainz"]

1. e4 c5 2. Nf3 Nc6 3. d4 cxd4 4. Nxd4 e5 5. Nb5 d6 6. N1c3 a6 7. Na3 Be7 8.
Nc4 b5 9. Ne3 Nf6 10. Bd3 O-O 11. O-O g6 12. Ncd5 Nxd5 13. exd5 Nb8 14. a4 bxa4
15. Rxa4 Nd7 16. b4 f5 17. Qe2 Nf6 18. Bd2 f4 19. Nd1 e4 20. Bxe4 Nxe4 21. Qxe4
Bf5 22. Qe2 Bg5 23. Bc3 Qd7 24. Ra3 Rae8 25. Qxa6 Bxc2 26. Qa7 Qxa7 27. Rxa7
Rf7 28. Rxf7 Kxf7 29. Nb2 Bb3 30. Ra1 Rc8 31. Bd4 Bxd5 32. b5 Rc2 33. h3 f3 34.
g3 Bf6 35. Bxf6 Kxf6 36. Nd3 Be4 37. Ra6 Ke6 38. Nf4+ Ke5 39. b6 Rb2 40. h4 d5
41. Ra7 Rxb6 42. Rxh7 Rb1+ 43. Kh2 Rf1 44. Nh3 Bf5 45. h5 g5 46. Rf7 g4 47. h6
Bd3 48. Nf4 Bc2 49. h7 Bxh7 50. Rxh7 Rxf2+ 51. Kg1 Rd2 52. Rh5+ Ke4 53. Ng6
Rg2+ 54. Kf1 Rxg3 55. Re5+ Kd4 56. Rg5 Ke4 57. Re5+ Kd4 58. Rg5 0-1

[Event "Frankfurt Ch 2012"]
[Site "Ffm-Kalbach, LAZ"]
[Date "2012.06.11"]
[Round "6.9"]
[White "Penzel, Nils"]
[Black "Kayser, Felix"]
[Result "1-0"]
[WhiteElo "2007"]
[BlackElo "2251"]
[PlyCount "65"]
[EventDate "2012.??.??"]
[WhiteTeam "SSg Rödermark/Eppertshausen"]
[BlackTeam "Wiesbadener SV 1885"]

1. d4 d5 2. Nf3 Nf6 3. c4 dxc4 4. e3 e6 5. Bxc4 a6 6. a4 c5 7. O-O Nc6 8. Qe2
Qc7 9. Nc3 cxd4 10. exd4 Be7 11. Rd1 O-O 12. Ne5 Rd8 13. Nxc6 bxc6 14. Bg5 Nd5
15. Bxe7 Qxe7 16. Ne4 a5 17. Nc5 Rb8 18. Ra3 Rb4 19. Rb3 Nf4 20. Qc2 Qg5 21.
Rg3 Qh5 22. b3 e5 23. Ne4 Bf5 24. Re1 Kh8 25. Qc1 Rxd4 26. Rg5 Qh6 27. Rxf5
Rdxc4 28. Qxf4 Rxe4 29. Rxe5 g5 30. Qxf7 Rxe1+ 31. Rxe1 Rb8 32. Re6 Rd8 33. h3
1-0

[Event "Frankfurt Ch 2012"]
[Site "Ffm-Kalbach, LAZ"]
[Date "2012.06.11"]
[Round "6.10"]
[White "Goreacinic, Dmitri"]
[Black "Fröhlich-Dill, Astrid"]
[Result "1-0"]
[WhiteElo "2231"]
[BlackElo "1825"]
[PlyCount "87"]
[EventDate "2012.??.??"]
[WhiteTeam "VSG 1880 Offenbach"]
[BlackTeam "SV 1920 Hofheim"]

1. d4 Nf6 2. c4 e6 3. Nc3 Bb4 4. Bf4 b6 5. f3 O-O 6. e4 Nh5 7. Be3 f5 8. e5 Bb7
9. Qb3 Qe7 10. O-O-O c5 11. dxc5 Bxc5 12. Nb5 Bxe3+ 13. Qxe3 Nc6 14. f4 Na5 15.
Nd6 Bc6 16. Nf3 Rab8 17. Be2 g6 18. Kb1 Be4+ 19. Ka1 Nc6 20. Rd2 a5 21. Rc1 Nb4
22. g3 Bc6 23. Nd4 Na6 24. Nxc6 dxc6 25. Bxh5 gxh5 26. Qf3 Nb4 27. Qxh5 Qg7 28.
Qf3 b5 29. a3 Qa7 30. axb4 axb4+ 31. Kb1 bxc4 32. Nxc4 Ra8 33. Qb3 c5 34. Rcd1
Qb7 35. Rd7 Qe4+ 36. Qd3 Qg2 37. Nb6 Ra5 38. Rd8 Qe4 39. Rxf8+ Kxf8 40. Nd7+
Ke7 41. Qxe4 fxe4 42. Nf6 e3 43. Re1 c4 44. Rxe3 1-0

[Event "Frankfurt Ch 2012"]
[Site "Ffm-Kalbach, LAZ"]
[Date "2012.06.11"]
[Round "6.11"]
[White "Minor, Samuel"]
[Black "Holzschuh, Gerald"]
[Result "1/2-1/2"]
[WhiteElo "2177"]
[BlackElo "2007"]
[PlyCount "76"]
[EventDate "2012.??.??"]
[WhiteTeam "Wiesbadener SV 1885"]
[BlackTeam "SC Bad Nauheim"]

1. e4 d6 2. d4 Nf6 3. Nc3 g6 4. Be3 c6 5. h3 Qc7 6. f4 b5 7. e5 b4 8. exf6 bxc3
9. bxc3 exf6 10. Nf3 Bg7 11. Bd3 f5 12. O-O O-O 13. c4 Nd7 14. Qc1 Nf6 15. Qa3
Re8 16. Bd2 a5 17. Rfe1 Bd7 18. Rxe8+ Bxe8 19. Re1 Bf8 20. Rb1 Nd7 21. Qb2 Rb8
22. Qc1 Rxb1 23. Qxb1 Nf6 24. Qe1 a4 25. d5 cxd5 26. cxd5 Qc5+ 27. Be3 Qxd5 28.
Bd4 Ne4 29. c4 Qa8 30. Bb2 Bg7 31. Ba3 Nc5 32. Bc2 Qc6 33. Qd1 Ne4 34. Bd3 Bd7
35. Kh2 Be6 36. Bxe4 fxe4 37. Ne5 Qc8 38. Bxd6 Bxc4 1/2-1/2

[Event "Frankfurt Ch 2012"]
[Site "Ffm-Kalbach, LAZ"]
[Date "2012.06.11"]
[Round "6.13"]
[White "Fußnecker, Manfred"]
[Black "Röschlau, Bernd"]
[Result "1-0"]
[WhiteElo "1876"]
[BlackElo "2129"]
[PlyCount "69"]
[EventDate "2012.??.??"]
[WhiteTeam "Sfr. Frankfurt 1921"]
[BlackTeam "SC Brett vor'm Kopp Ffm"]

1. e4 c5 2. Nf3 Nc6 3. Bb5 Nf6 4. Bxc6 dxc6 5. Qe2 Bg4 6. d3 Nd7 7. Nbd2 Qc7 8.
Nc4 f6 9. Bd2 e5 10. a4 Bh5 11. O-O Be7 12. Qe3 Nf8 13. Nh4 Bf7 14. Nf5 Ne6 15.
Qg3 g5 16. Bc3 O-O-O 17. a5 Nd4 18. Bxd4 cxd4 19. Nb6+ Kb8 20. Na4 Bb4 21. c3
dxc3 22. bxc3 Bxa5 23. Rfb1 c5 24. Rb5 b6 25. Nxc5 Ka8 26. Na4 Be8 27. Rd5 Bc6
28. c4 Bxd5 29. exd5 b5 30. d6 Qc6 31. Ne7 Qb7 32. Nc5 Qb6 33. Qf3+ Kb8 34.
Nc6+ Kc8 35. Qf5+ 1-0

[Event "Frankfurt Ch 2012"]
[Site "Ffm-Kalbach, LAZ"]
[Date "2012.06.11"]
[Round "6.14"]
[White "Kabir, Rezaul"]
[Black "Thomele, Michael"]
[Result "1-0"]
[WhiteElo "2043"]
[BlackElo "1868"]
[PlyCount "76"]
[EventDate "2012.??.??"]
[WhiteTeam "Sfr. Frankfurt 1921"]
[BlackTeam "SC 1959 Obernau"]

1. e4 c5 2. Nf3 d6 3. d4 cxd4 4. Nxd4 Nf6 5. Bd3 a6 6. O-O g6 7. Kh1 Bg7 8. f4
Qc7 9. Nc3 Nc6 10. Nxc6 bxc6 11. Qe1 O-O 12. Qh4 Rb8 13. f5 e5 14. Bg5 Nd7 15.
Bc4 Rb4 16. fxg6 hxg6 17. Bb3 Nc5 18. Bf6 Nxb3 19. axb3 Bxf6 20. Rxf6 Kg7 21.
Raf1 Be6 22. Qg5 Rh8 23. Rxe6 fxe6 24. Qf6+ Kg8 25. Qf8+ Kh7 26. Rf7+ Qxf7 27.
Qxf7+ Kh6 28. Qxe6 Rd4 29. Qf6 Rg8 30. h4 Kh7 31. Kh2 Rd2 32. Qf7+ Rg7 33. Qc4
Rd4 34. Qxc6 Rf7 35. Nd5 Rf2 36. Qd7+ Kg8 37. Ne7+ Kf8 38. Nxg6+ Kg8 1-0

[Event "Frankfurt Ch 2012"]
[Site "Ffm-Kalbach, LAZ"]
[Date "2012.06.11"]
[Round "6.15"]
[White "Calvi, Stefan"]
[Black "Krüger, Till"]
[Result "1-0"]
[WhiteElo "2005"]
[BlackElo "1857"]
[PlyCount "89"]
[EventDate "2012.??.??"]
[WhiteTeam "Sfr. Frankfurt 1921"]
[BlackTeam "SC Nidderau"]

1. e4 g6 2. d4 Bg7 3. Nc3 d6 4. Be3 Nd7 5. Qd2 a6 6. a4 b6 7. Bd3 c5 8. Nf3
cxd4 9. Nxd4 Ngf6 10. Bh6 Bxh6 11. Qxh6 Nc5 12. O-O Bb7 13. Rfe1 Nxd3 14. cxd3
e5 15. Nf3 Ng4 16. Qg7 Qf6 17. Qxf6 Nxf6 18. d4 exd4 19. Nxd4 O-O 20. Rad1 Rfe8
21. f3 Rac8 22. Nc2 Re6 23. Ne3 Kf8 24. Re2 Rc5 25. Kf2 h5 26. Rd4 Ke7 27. Rb4
b5 28. axb5 axb5 29. Re1 d5 30. exd5 Nxd5 31. Nexd5+ Bxd5 32. Rxe6+ Kxe6 33.
Rxb5 Rxb5 34. Nxb5 Bc4 35. Nd4+ Kd5 36. Ke3 g5 37. g3 Ke5 38. f4+ gxf4+ 39.
gxf4+ Kd5 40. h4 f6 41. Nf5 Bb5 42. Ng7 Bd7 43. Nxh5 Ke6 44. Ng3 f5 45. Kd4 1-0

[Event "Frankfurt Ch 2012"]
[Site "Ffm-Kalbach, LAZ"]
[Date "2012.06.11"]
[Round "6.17"]
[White "Richter, Tobias"]
[Black "Achelrod, Alexander"]
[Result "1-0"]
[WhiteElo "1992"]
[BlackElo "1846"]
[PlyCount "55"]
[EventDate "2012.??.??"]
[WhiteTeam "SV Merseburg e. V."]
[BlackTeam "Sfr. Heusenstamm"]

1. e4 c5 2. Nf3 e6 3. d4 cxd4 4. Nxd4 Nf6 5. Nc3 Bb4 6. Bd3 d6 7. O-O O-O 8.
Be3 Bxc3 9. bxc3 Nbd7 10. f4 Qc7 11. Nb5 Qb8 12. Rb1 a6 13. Nxd6 Qxd6 14. e5
Qc7 15. exf6 Nxf6 16. Bd4 Nd5 17. Be5 Qc5+ 18. Kh1 f5 19. Qe1 b5 20. Rf3 Rf7
21. Rh3 Bb7 22. Qh4 h6 23. Rg3 Kf8 24. Bxg7+ Rxg7 25. Qxh6 Ne7 26. Rxg7 Ke8 27.
Qxe6 Kd8 28. Bxf5 1-0

[Event "Frankfurt Ch 2012"]
[Site "Ffm-Kalbach, LAZ"]
[Date "2012.06.11"]
[Round "6.18"]
[White "Schmitt, Roland"]
[Black "Hierling, Stefan"]
[Result "1-0"]
[WhiteElo "1878"]
[BlackElo "1954"]
[PlyCount "105"]
[EventDate "2012.??.??"]
[WhiteTeam "SK Großsachsen"]
[BlackTeam "VSG 1880 Offenbach"]

1. d4 d5 2. c4 c6 3. Nf3 g6 4. cxd5 cxd5 5. Nc3 Nf6 6. Bf4 Bg7 7. Bxb8 Rxb8 8.
Qa4+ Bd7 9. Qxa7 O-O 10. e3 b6 11. Qa3 b5 12. Qb4 Be8 13. Bd3 Qd6 14. Qxd6 exd6
15. b4 Bc6 16. Nd2 Rb6 17. O-O Ra8 18. a4 bxa4 19. b5 Bd7 20. Rxa4 Rc8 21. Ra3
Bf8 22. f3 Kg7 23. Rfa1 Rb7 24. Ndb1 Rbc7 25. Kf2 h5 26. Rb3 Rb8 27. Ra2 Be7
28. Rab2 Bd8 29. Na3 Rcb7 30. Nc2 Ba5 31. Nb4 Bxb4 32. Rxb4 Ra8 33. h3 Ra3 34.
R4b3 Rxb3 35. Rxb3 Kf8 36. b6 Bc6 37. Ba6 Rb8 38. b7 Ke7 39. Rb6 Kd7 40. Nb5
Ne8 41. Na7 Ba4 42. Rb4 Bc2 43. Bb5+ Kc7 44. Bxe8 Rxe8 45. Nc6 Kxc6 46. b8=Q
Rxb8 47. Rxb8 Kd7 48. Rb7+ Ke6 49. Rb4 Bd3 50. Kg3 Kf5 51. Rb6 Ke6 52. h4 f6
53. Kf4 1-0

[Event "Frankfurt Ch 2012"]
[Site "Ffm-Kalbach, LAZ"]
[Date "2012.06.11"]
[Round "6.19"]
[White "Kuhn, Gerhard"]
[Black "Meiser, Nicolas"]
[Result "0-1"]
[WhiteElo "1949"]
[BlackElo "1839"]
[PlyCount "76"]
[EventDate "2012.??.??"]
[WhiteTeam "SK Marburg 1931/72"]
[BlackTeam "SV Lahn Limburg"]

1. e4 c6 2. d4 d5 3. Nc3 dxe4 4. Nxe4 Bf5 5. Ng3 Bg6 6. h4 h6 7. Nf3 Nd7 8. h5
Bh7 9. Bd3 Bxd3 10. Qxd3 e6 11. Bf4 Qa5+ 12. Bd2 Bb4 13. c3 Be7 14. c4 Qc7 15.
O-O-O Ngf6 16. Kb1 O-O 17. Rhe1 Rfe8 18. Bc3 Rad8 19. Qc2 b5 20. Qd2 bxc4 21.
Ba5 Nb6 22. Qc2 Nfd5 23. a3 c5 24. Ne4 cxd4 25. Nxd4 Bf6 26. Nxf6+ Nxf6 27. Nf3
Qc5 28. Bb4 Qxh5 29. Bc3 Rxd1+ 30. Rxd1 Nfd5 31. Be5 f6 32. Bd4 e5 33. Bxb6
Nxb6 34. Qe4 Qf7 35. Qc6 Rc8 36. Qe4 c3 37. Rc1 Qb3 38. Rc2 Nc4 0-1

[Event "Frankfurt Ch 2012"]
[Site "Ffm-Kalbach, LAZ"]
[Date "2012.06.11"]
[Round "6.20"]
[White "Kolker, Vladislav"]
[Black "Tierling, Detlef"]
[Result "1/2-1/2"]
[WhiteElo "1870"]
[BlackElo "1942"]
[PlyCount "68"]
[EventDate "2012.??.??"]
[WhiteTeam "Sfr.1891 Friedberg"]
[BlackTeam "SC Groß-Umstadt"]

1. e4 e6 2. d3 d5 3. Nd2 Nf6 4. Ngf3 dxe4 5. dxe4 b6 6. Bb5+ c6 7. Bd3 Bb7 8.
O-O Nbd7 9. Re1 Qc7 10. Nc4 h6 11. a4 O-O-O 12. e5 Nd5 13. c3 Nc5 14. Bf1 Nxc3
15. Qc2 Nd5 16. Bd2 a5 17. Rec1 Kb8 18. Nd6 Bxd6 19. exd6 Rxd6 20. Bxa5 bxa5
21. Qxc5 Rhd8 22. Ne5 Nb4 23. Qe3 Rd5 24. Nc4 g5 25. g3 f5 26. Qxe6 f4 27. Qxh6
fxg3 28. hxg3 Qf7 29. Be2 Rd2 30. Nxd2 Rxd2 31. Qxg5 Rxe2 32. Qd8+ Bc8 33. Qb6+
Bb7 34. Qd8+ Bc8 1/2-1/2

[Event "Frankfurt Ch 2012"]
[Site "Ffm-Kalbach, LAZ"]
[Date "2012.06.11"]
[Round "6.21"]
[White "Seickel, Ralf"]
[Black "Gutacker, Stephan"]
[Result "1-0"]
[WhiteElo "1928"]
[BlackElo "1806"]
[PlyCount "99"]
[EventDate "2012.??.??"]
[WhiteTeam "vereinslos"]
[BlackTeam "Sfr.1932 Kelkheim"]

1. e4 e5 2. Nf3 Nc6 3. d4 exd4 4. Nxd4 Bc5 5. Nb3 Bb6 6. Nc3 d6 7. Qe2 Nge7 8.
Be3 Be6 9. Bxb6 axb6 10. O-O-O O-O 11. f4 Bxb3 12. cxb3 Ng6 13. g3 Re8 14. h4
Nf8 15. Qh5 Ra5 16. Qf3 Ne6 17. Kb1 Ncd4 18. Qf2 c5 19. b4 cxb4 20. Nd5 Qa8 21.
Nxb4 Nc6 22. Nxc6 Rxa2 23. Bc4 Ra1+ 24. Kc2 Qa4+ 25. Bb3 Qxe4+ 26. Kd2 Rxd1+
27. Rxd1 bxc6 28. Bxe6 Qxe6 29. Qxb6 Qc4 30. Qf2 Re4 31. Ra1 h6 32. Ra8+ Kh7
33. Ra3 Rd4+ 34. Ke3 Qd5 35. Qc2+ g6 36. h5 c5 37. hxg6+ fxg6 38. Ra7+ Kh8 39.
Qxg6 Qb3+ 40. Ke2 Qd1+ 41. Ke3 Qb3+ 42. Ke2 Qxb2+ 43. Kf3 Qb3+ 44. Kg4 Qd1+ 45.
Kf5 Rd5+ 46. Ke6 Qe2+ 47. Kxd5 Qd2+ 48. Ke6 Qe2+ 49. Kf7 Qc4+ 50. Kf8 1-0

[Event "Frankfurt Ch 2012"]
[Site "Ffm-Kalbach, LAZ"]
[Date "2012.06.11"]
[Round "6.22"]
[White "Mager, Denis"]
[Black "Kraus, Eduard"]
[Result "1-0"]
[WhiteElo "1924"]
[BlackElo "1764"]
[PlyCount "86"]
[EventDate "2012.??.??"]
[WhiteTeam "SAbt TuS Makkabi Ffm"]
[BlackTeam "SV Bergwinkel"]

1. d4 d5 2. c4 c6 3. e3 Nf6 4. Nf3 Bg4 5. h3 Bh5 6. Nbd2 e6 7. b3 Bb4 8. a3 Bc3
9. Ra2 Ne4 10. Bd3 Qa5 11. O-O Bxd2 12. Bxd2 Bxf3 13. Bxa5 Bxd1 14. Rxd1 Nd7
15. f3 Nef6 16. Bb4 Nb6 17. a4 Nc8 18. e4 Kd7 19. cxd5 exd5 20. e5 Nh5 21. Bf5+
Kd8 22. Bg4 Nf4 23. g3 Ne6 24. f4 h5 25. Bxe6 fxe6 26. Rf1 g6 27. Kg2 Ne7 28.
g4 hxg4 29. hxg4 Kd7 30. Raa1 Rh4 31. Rh1 Rah8 32. Rxh4 Rxh4 33. Rh1 Rxh1 34.
Kxh1 Ng8 35. Kg2 Nh6 36. Kg3 b6 37. a5 Kc7 38. a6 Kd7 39. Bd6 Nf7 40. Bb8 c5
41. dxc5 bxc5 42. Bxa7 Kc6 43. Bxc5 Nd8 1-0

[Event "Frankfurt Ch 2012"]
[Site "Ffm-Kalbach, LAZ"]
[Date "2012.06.11"]
[Round "6.23"]
[White "Ottenburg, Ralph"]
[Black "Wagner, Dirk"]
[Result "1/2-1/2"]
[WhiteElo "1858"]
[BlackElo "1922"]
[PlyCount "59"]
[EventDate "2012.??.??"]
[WhiteTeam "Sfr. Frankfurt 1921"]
[BlackTeam "SC Matt im Park Ffm"]

1. d4 Nf6 2. c4 g6 3. g3 Bg7 4. Bg2 O-O 5. Nc3 d6 6. Nf3 Nc6 7. O-O a6 8. Qd3
Bg4 9. d5 Bxf3 10. exf3 Ne5 11. Qe2 Rb8 12. f4 Ned7 13. Be3 Re8 14. Ba7 Rc8 15.
Bd4 c5 16. Be3 Rb8 17. Rad1 b5 18. cxb5 axb5 19. Nxb5 Qa5 20. Nc3 Qb4 21. Bc1
c4 22. f5 Nc5 23. fxg6 hxg6 24. Rd2 Nd3 25. Rc2 Nd7 26. h4 Nf6 27. Bf3 e6 28.
dxe6 Rxe6 29. Qd2 Qc5 30. Be2 1/2-1/2

[Event "Frankfurt Ch 2012"]
[Site "Ffm-Kalbach, LAZ"]
[Date "2012.06.11"]
[Round "6.24"]
[White "Rennhack, Peer"]
[Black "Göbel, Andreas"]
[Result "1-0"]
[WhiteElo "1820"]
[BlackElo "1895"]
[PlyCount "45"]
[EventDate "2012.??.??"]
[WhiteTeam "Sabt Frankfurter TV 1860"]
[BlackTeam "SC Brett vor'm Kopp Ffm"]

1. e4 e6 2. d4 d5 3. e5 c5 4. c3 Nc6 5. Nf3 Bd7 6. Bd3 f5 7. exf6 Nxf6 8. Ne5
cxd4 9. cxd4 Bb4+ 10. Nc3 O-O 11. O-O Bd6 12. Ng4 Nxg4 13. Qxg4 Qf6 14. Nb5 Bf4
15. Be3 a6 16. g3 Bb8 17. Nc3 Bd6 18. Nxd5 exd5 19. Qxd7 Rf7 20. Qg4 g6 21.
Rad1 Kg7 22. Qh3 Rd8 23. Qh6+ 1-0

[Event "Frankfurt Ch 2012"]
[Site "Ffm-Kalbach, LAZ"]
[Date "2012.06.11"]
[Round "6.25"]
[White "Kuhn, Luis"]
[Black "Geringer, Waldemar"]
[Result "1-0"]
[WhiteElo "1811"]
[BlackElo "1885"]
[PlyCount "107"]
[EventDate "2012.??.??"]
[WhiteTeam "SV 1929 Raunheim"]
[BlackTeam "SSg Rödermark/Eppertshausen"]

1. e4 c5 2. Nf3 d6 3. d4 cxd4 4. Nxd4 Nf6 5. Nc3 a6 6. Bc4 Qc7 7. Bb3 e5 8. Nf5
Bxf5 9. exf5 Nbd7 10. Bg5 h6 11. Bxf6 Nxf6 12. Qf3 Be7 13. O-O-O O-O 14. g4 b5
15. h4 b4 16. Nd5 Nxd5 17. Qxd5 a5 18. Ba4 Rfc8 19. g5 Qc4 20. f6 Qxd5 21. Rxd5
Bf8 22. Rg1 Rc4 23. gxh6 g6 24. h5 Kh7 25. hxg6+ fxg6 26. Rb5 Bxh6+ 27. Kd1 g5
28. Rb7+ Kg6 29. f7 Rf4 30. Be8 Kg7 31. Ke2 Kf6 32. f3 Bf8 33. Rh1 Rh4 34. Rd1
Rc8 35. Ba4 Rh2+ 36. Kd3 Rh7 37. Bb3 Rh3 38. Ke4 Rh4+ 39. Ke3 Rh3 40. Ke4 Rh4+
41. Ke3 Kf5 42. Rd5 Rh3 43. Ba4 Rd8 44. Rxa5 g4 45. Bd7+ Rxd7 46. Rxd7 Rxf3+
47. Ke2 Ke6 48. Rb7 Rf4 49. Ra8 Be7 50. Re8 Rxf7 51. Rxb4 Rg7 52. Rb7 Rf7 53.
a4 g3 54. Rbxe7+ 1-0